{"text_format":"3","workbook":"xlsx","n_sheets":6,"sheets":["Employee Records","Wages","Wages 2","Personal Information","Workplace Information","Overtime Pay"],"not_rendered":{"charts":1,"pivot_tables":1},"read":"whole","date_system":"1900"}

{"sheet":"Employee Records","index":0,"n_rows":16,"n_cols":24,"rows_kept":16}
["First Name","Middle Initial","Last Name","SS#","Street Adress","City","State","Zip","DOB","Gender","Job Title","Time","Workweek Days","Hours Worked Each Day","Hourly/Salary","Hourly Paygrade","Hours Worked Each Week","Weekly Straight Time Earnings","Weekly O/T Pay","Deductions","Additions","Pay Period Covered","Pay Date","Wages Paid by Pay Period"]
["Sean","S.","Astin","XXX-XX-XXXX","2843 Velvet Gate Diversion","Taylors Gut Landing","OH","45577-1620","1980-10-29","M","Packer","7:30AM","M-F",8,"Hourly",{"v":10,"d":"$10.00"},40,{"v":400,"d":"$400.00"},{"v":45,"d":"$45.00"},{"v":25,"d":"$25.00"},"N/A","Weekly","Friday",{"$f":"R2-T2","v":{"v":375,"d":"$375"}}]
["Cabe","D.","Blanchett","XXX-XX-XXXX","2155 Mistv Treasure Orchard","Miami Beach","OH","44900-8522","1990-11-18","F","HR","7:30AM","M-F",8,"Salary","N/A",40,{"v":650,"d":"$650.00"},"N/A",{"v":62,"d":"$62.00"},"N/A","Weekly","Friday",{"$f":"R3-T3","v":{"v":588,"d":"$588"}}]
["Billy","H.","Boyd","XXX-XX-XXXX","9112 Foggv Cider Arbor","Wakapami","OH","44841-3316","1997-03-26","M","Receiver","7:30AM","M-F",8,"Hourly",{"v":12,"d":"$12.00"},40,{"v":480,"d":"$480.00"},{"v":54,"d":"$54.00"},{"v":50,"d":"$50.00"},"N/A","Weekly","Friday",{"v":430,"d":"$430"}]
["Scott","N.","Campbell","XXX-XX-XXXX","9992 Thunder Bluff Highlands","Swamproot","OH","4.4618-0009","1969-07-07","M","Warehouse Worker","7:30AM","M-F",8,"Hourly",{"v":10,"d":"$10.00"},40,{"v":400,"d":"$400.00"},"N/A",{"v":25,"d":"$25.00"},"N/A","Weekly","Friday",{"v":375,"d":"$375"}]
["Thomas","H.","Cook","XXX-XX-XXXX","5631 Hidden Plaza","Tugwell","OH","4.4576-5668","1968-09-05","M","Order Puller","7:30AM","M-F",8,"Hourly",{"v":10,"d":"$10.00"},40,{"v":400,"d":"$400.00"},"N/A",{"v":25,"d":"$25.00"},"N/A","Weekly","Friday",{"v":375,"d":"$375"}]
["Ryan","P.","Erdly","XXX-XX-XXXX","9278 Old Nook","Frijoles","OH","45652-7010","1991-08-03","M","Material Handler","7:30AM","M-F",8,"Hourly",{"v":11,"d":"$11.00"},40,{"v":440,"d":"$440.00"},{"v":49.5,"d":"$49.50"},{"v":50,"d":"$50.00"},"N/A","Weekly","Friday",{"v":390,"d":"$390"}]
["Karen","A.","Houchins","XXX-XX-XXXX","6193 Dewv Horse crest","Rushsylvania","OH","45836-8913","1961-05-23","F","Logistics Supervisor","7:30AM","M-F",8,"Hourly",{"v":14,"d":"$14.00"},40,{"v":560,"d":"$560.00"},{"v":63,"d":"$63.00"},{"v":50,"d":"$50.00"},"N/A","Weekly","Friday",{"v":510,"d":"$510"}]
["Emma","L","Kight","XXX-XX-XXXX","3047 Sleepy Townline","Stamp","OH","44509-5124","1997-02-27","F","Order Puller","7:30AM","M-F",8,"HOurly",{"v":10,"d":"$10.00"},40,{"v":400,"d":"$400.00"},"N/A",{"v":25,"d":"$25.00"},"N/A","Weekly","Friday",{"v":375,"d":"$375"}]
["Tabitha","C.","McDermott","XXX-XX-XXXX","3366 Hawest Prairie Circuit","Lick","OH","43339-3025","1981-06-08","F","Logistics Analyst","7:30AM","M-F",8,"Hourly",{"v":12,"d":"$12.00"},40,{"v":480,"d":"$480.00"}," N/A",{"v":50,"d":"$50.00"},"N/A","Weekly","Friday",{"v":430,"d":"$430"}]
["Dominic","M.","Monaghan","XXX-XX-XXXX","7360 Quiet Bam Ridge","Little Chief","OH","45758-1959","1975-05-22","M","Supply-Chain Manager","730.8M","M-F",8,"Salary","N/A",40,{"v":600,"d":"$600.00"}," N/A",{"v":62,"d":"$62.00"},"N/A","Weekly","Friday",{"v":538,"d":"$538"}]
["Viggo","K.","Mortensen","XXX-XX-XXXX","1440 Broad Pine Trail","Congo","OH","45854-2081","1988-01-14","M","CEO","7:30AM","M-F",8,"Salary","N/A",40,{"v":900,"d":"$900.00"}," N/A",{"v":62,"d":"$62.00"},"N/A","Weekly","Friday",{"v":838,"d":"$838"}]
["Rick","L.","Petty","XXX-XX-XXXX","8796 Indian Fox Mountain","Humble City","OH","43451-3789","1982-06-20","M","Logistics Director","7:30AM","M-F",8,"Salary","N/A",40,{"v":600,"d":"$600.00"}," N/A",{"v":62,"d":"$62.00"},"N/A","Weekly","Friday",{"v":538,"d":"$538"}]
["Alex","D.","Pritt","XXX-XX-XXXX","7460 Lost Campus","Wax","OH","45700-1285","1971-10-30","M","Order Puller","7:30AM","M-F",8,"Hourly",{"v":10,"d":"$10.00"},40,{"v":400,"d":"$400.00"},{"v":45,"d":"$45.00"},{"v":25,"d":"$25.00"},"N/A","Weekly","Friday",{"v":375,"d":"$375"}]
["Bonnie","P.","Quinn","XXX-XX-XXXX","4836 Colonial Panda Terrace","Tarhe Town","OH","45645-7536","1993-09-28","F","Transportation Manager","7:30AM","M-F",8,"Salary","N/A",40,{"v":600,"d":"$600.00"}," N/A",{"v":62,"d":"$62.00"},"N/A","Weekly","Friday",{"v":538,"d":"$538"}]
["Treva","A.","Reid","XXX-XX-XXXX","5436 Noble Lake Hollow","Hoople","OH","43004-4614","1955-05-15","F","Order Puller","7:30AM","M-F",8,"Hourly",{"v":10,"d":"$10.00"},40,{"v":400,"d":"$400.00"},{"v":45,"d":"$45.00"},{"v":25,"d":"$25.00"},"N/A","Weekly","Friday",{"v":375,"d":"$375"}]

{"sheet":"Wages","index":1,"n_rows":16,"n_cols":3,"rows_kept":16}
["Hourly/Salary","Job Title","Wages Paid by Pay Period"]
["Hourly","Packer",{"v":375,"d":"$375"}]
["Salary","HR",{"v":588,"d":"$588"}]
["Hourly","Receiver",{"v":430,"d":"$430"}]
["Hourly","Warehouse Worker",{"v":375,"d":"$375"}]
["Hourly","Order Puller",{"v":375,"d":"$375"}]
["Hourly","Material Handler",{"v":390,"d":"$390"}]
["Hourly","Logistics Supervisor",{"v":510,"d":"$510"}]
["HOurly","Order Puller",{"v":375,"d":"$375"}]
["Hourly","Logistics Analyst",{"v":430,"d":"$430"}]
["Salary","Supply-Chain Manager",{"v":538,"d":"$538"}]
["Salary","CEO",{"v":838,"d":"$838"}]
["Salary","Logistics Director",{"v":538,"d":"$538"}]
["Hourly","Order Puller",{"v":375,"d":"$375"}]
["Salary","Transportation Manager",{"v":538,"d":"$538"}]
["Hourly","Order Puller",{"v":375,"d":"$375"}]

{"sheet":"Wages 2","index":2,"n_rows":15,"n_cols":2,"rows_kept":15}
[]
[]
["Job Title","Sum of Wages Paid by Pay Period"]
["CEO",838]
["HR",588]
["Logistics Analyst",430]
["Logistics Director",538]
["Logistics Supervisor",510]
["Material Handler",390]
["Order Puller",1500]
["Packer",375]
["Receiver",430]
["Supply-Chain Manager",538]
["Transportation Manager",538]
["Warehouse Worker",375]

{"sheet":"Personal Information","index":3,"n_rows":16,"n_cols":10,"rows_kept":16}
["First Name","Middle Initial","Last Name","SS#","Street Adress","City","State","Zip","DOB","Gender"]
["Sean","S.","Astin","XXX-XX-XXXX","2843 Velvet Gate Diversion","Taylors Gut Landing","OH","45577-1620","1980-10-29","M"]
["Cabe","D.","Blanchett","XXX-XX-XXXX","2155 Mistv Treasure Orchard","Miami Beach","OH","44900-8522","1990-11-18","F"]
["Billy","H.","Boyd","XXX-XX-XXXX","9112 Foggv Cider Arbor","Wakapami","OH","44841-3316","1997-03-26","M"]
["Scott","N.","Campbell","XXX-XX-XXXX","9992 Thunder Bluff Highlands","Swamproot","OH","4.4618-0009","1969-07-07","M"]
["Thomas","H.","Cook","XXX-XX-XXXX","5631 Hidden Plaza","Tugwell","OH","4.4576-5668","1968-09-05","M"]
["Ryan","P.","Erdly","XXX-XX-XXXX","9278 Old Nook","Frijoles","OH","45652-7010","1991-08-03","M"]
["Karen","A.","Houchins","XXX-XX-XXXX","6193 Dewv Horse crest","Rushsylvania","OH","45836-8913","1961-05-23","F"]
["Emma","L","Kight","XXX-XX-XXXX","3047 Sleepy Townline","Stamp","OH","44509-5124","1997-02-27","F"]
["Tabitha","C.","McDermott","XXX-XX-XXXX","3366 Hawest Prairie Circuit","Lick","OH","43339-3025","1981-06-08","F"]
["Dominic","M.","Monaghan","XXX-XX-XXXX","7360 Quiet Bam Ridge","Little Chief","OH","45758-1959","1975-05-22","M"]
["Viggo","K.","Mortensen","XXX-XX-XXXX","1440 Broad Pine Trail","Congo","OH","45854-2081","1988-01-14","M"]
["Rick","L.","Petty","XXX-XX-XXXX","8796 Indian Fox Mountain","Humble City","OH","43451-3789","1982-06-20","M"]
["Alex","D.","Pritt","XXX-XX-XXXX","7460 Lost Campus","Wax","OH","45700-1285","1971-10-30","M"]
["Bonnie","P.","Quinn","XXX-XX-XXXX","4836 Colonial Panda Terrace","Tarhe Town","OH","45645-7536","1993-09-28","F"]
["Treva","A.","Reid","XXX-XX-XXXX","5436 Noble Lake Hollow","Hoople","OH","43004-4614","1955-05-15","F"]

{"sheet":"Workplace Information","index":4,"n_rows":16,"n_cols":16,"rows_kept":16}
["First Name","Middle Initial","Last Name","Job Title","Workweek Days","Hours Worked Each Day","Hourly/Salary","Hourly Paygrade","Hours Worked Each Week","Weekly Straight Time Earnings","Weekly O/T Pay","Deductions","Additions","Pay Period Covered","Pay Date","Wages Paid by Pay Period"]
["Sean","S.","Astin","Packer","M-F",8,"Hourly",{"v":10,"d":"$10.00"},40,{"v":400,"d":"$400.00"},{"v":45,"d":"$45.00"},{"v":25,"d":"$25.00"},"N/A","Weekly","Friday",{"$f":"J2-L2","v":{"v":375,"d":"$375"}}]
["Cabe","D.","Blanchett","HR","M-F",8,"Salary","N/A",40,{"v":650,"d":"$650.00"},"N/A",{"v":62,"d":"$62.00"},"N/A","Weekly","Friday",{"$f":"J3-L3","v":{"v":588,"d":"$588"}}]
["Billy","H.","Boyd","Receiver","M-F",8,"Hourly",{"v":12,"d":"$12.00"},40,{"v":480,"d":"$480.00"},{"v":54,"d":"$54.00"},{"v":50,"d":"$50.00"},"N/A","Weekly","Friday",{"v":430,"d":"$430"}]
["Scott","N.","Campbell","Warehouse Worker","M-F",8,"Hourly",{"v":10,"d":"$10.00"},40,{"v":400,"d":"$400.00"},"N/A",{"v":25,"d":"$25.00"},"N/A","Weekly","Friday",{"v":375,"d":"$375"}]
["Thomas","H.","Cook","Order Puller","M-F",8,"Hourly",{"v":10,"d":"$10.00"},40,{"v":400,"d":"$400.00"},"N/A",{"v":25,"d":"$25.00"},"N/A","Weekly","Friday",{"v":375,"d":"$375"}]
["Ryan","P.","Erdly","Material Handler","M-F",8,"Hourly",{"v":11,"d":"$11.00"},40,{"v":440,"d":"$440.00"},{"v":49.5,"d":"$49.50"},{"v":50,"d":"$50.00"},"N/A","Weekly","Friday",{"v":390,"d":"$390"}]
["Karen","A.","Houchins","Logistics Supervisor","M-F",8,"Hourly",{"v":14,"d":"$14.00"},40,{"v":560,"d":"$560.00"},{"v":63,"d":"$63.00"},{"v":50,"d":"$50.00"},"N/A","Weekly","Friday",{"v":510,"d":"$510"}]
["Emma","L","Kight","Order Puller","M-F",8,"HOurly",{"v":10,"d":"$10.00"},40,{"v":400,"d":"$400.00"},"N/A",{"v":25,"d":"$25.00"},"N/A","Weekly","Friday",{"v":375,"d":"$375"}]
["Tabitha","C.","McDermott","Logistics Analyst","M-F",8,"Hourly",{"v":12,"d":"$12.00"},40,{"v":480,"d":"$480.00"}," N/A",{"v":50,"d":"$50.00"},"N/A","Weekly","Friday",{"v":430,"d":"$430"}]
["Dominic","M.","Monaghan","Supply-Chain Manager","M-F",8,"Salary","N/A",40,{"v":600,"d":"$600.00"}," N/A",{"v":62,"d":"$62.00"},"N/A","Weekly","Friday",{"v":538,"d":"$538"}]
["Viggo","K.","Mortensen","CEO","M-F",8,"Salary","N/A",40,{"v":900,"d":"$900.00"}," N/A",{"v":62,"d":"$62.00"},"N/A","Weekly","Friday",{"v":838,"d":"$838"}]
["Rick","L.","Petty","Logistics Director","M-F",8,"Salary","N/A",40,{"v":600,"d":"$600.00"}," N/A",{"v":62,"d":"$62.00"},"N/A","Weekly","Friday",{"v":538,"d":"$538"}]
["Alex","D.","Pritt","Order Puller","M-F",8,"Hourly",{"v":10,"d":"$10.00"},40,{"v":400,"d":"$400.00"},{"v":45,"d":"$45.00"},{"v":25,"d":"$25.00"},"N/A","Weekly","Friday",{"v":375,"d":"$375"}]
["Bonnie","P.","Quinn","Transportation Manager","M-F",8,"Salary","N/A",40,{"v":600,"d":"$600.00"}," N/A",{"v":62,"d":"$62.00"},"N/A","Weekly","Friday",{"v":538,"d":"$538"}]
["Treva","A.","Reid","Order Puller","M-F",8,"Hourly",{"v":10,"d":"$10.00"},40,{"v":400,"d":"$400.00"},{"v":45,"d":"$45.00"},{"v":25,"d":"$25.00"},"N/A","Weekly","Friday",{"v":375,"d":"$375"}]

{"sheet":"Overtime Pay","index":5,"n_rows":7,"n_cols":24,"rows_kept":7}
["First Name","Middle Initial","Last Name","SS#","Street Adress","City","State","Zip","DOB","Gender","Job Title","Time","Workweek Days","Hours Worked Each Day","Hourly/Salary","Hourly Paygrade","Hours Worked Each Week","Weekly Straight Time Earnings","Weekly O/T Pay","Deductions","Additions","Pay Period Covered","Pay Date","Wages Paid by Pay Period"]
["Sean","S.","Astin","XXX-XX-XXXX","2843 Velvet Gate Diversion","Taylors Gut Landing","OH","45577-1620","1980-10-29","M","Packer","7:30AM","M-F",8,"Hourly",{"v":10,"d":"$10.00"},40,{"v":400,"d":"$400.00"},{"v":45,"d":"$45.00"},{"v":25,"d":"$25.00"},"N/A","Weekly","Friday",{"$f":"R2-T2","v":{"v":375,"d":"$375"}}]
["Billy","H.","Boyd","XXX-XX-XXXX","9112 Foggv Cider Arbor","Wakapami","OH","44841-3316","1997-03-26","M","Receiver","7:30AM","M-F",8,"Hourly",{"v":12,"d":"$12.00"},40,{"v":480,"d":"$480.00"},{"v":54,"d":"$54.00"},{"v":50,"d":"$50.00"},"N/A","Weekly","Friday",{"$f":"R3-T3","v":{"v":430,"d":"$430"}}]
["Ryan","P.","Erdly","XXX-XX-XXXX","9278 Old Nook","Frijoles","OH","45652-7010","1991-08-03","M","Material Handler","7:30AM","M-F",8,"Hourly",{"v":11,"d":"$11.00"},40,{"v":440,"d":"$440.00"},{"v":49.5,"d":"$49.50"},{"v":50,"d":"$50.00"},"N/A","Weekly","Friday",{"v":390,"d":"$390"}]
["Karen","A.","Houchins","XXX-XX-XXXX","6193 Dewv Horse crest","Rushsylvania","OH","45836-8913","1961-05-23","F","Logistics Supervisor","7:30AM","M-F",8,"Hourly",{"v":14,"d":"$14.00"},40,{"v":560,"d":"$560.00"},{"v":63,"d":"$63.00"},{"v":50,"d":"$50.00"},"N/A","Weekly","Friday",{"v":510,"d":"$510"}]
["Alex","D.","Pritt","XXX-XX-XXXX","7460 Lost Campus","Wax","OH","45700-1285","1971-10-30","M","Order Puller","7:30AM","M-F",8,"Hourly",{"v":10,"d":"$10.00"},40,{"v":400,"d":"$400.00"},{"v":45,"d":"$45.00"},{"v":25,"d":"$25.00"},"N/A","Weekly","Friday",{"v":375,"d":"$375"}]
["Treva","A.","Reid","XXX-XX-XXXX","5436 Noble Lake Hollow","Hoople","OH","43004-4614","1955-05-15","F","Order Puller","7:30AM","M-F",8,"Hourly",{"v":10,"d":"$10.00"},40,{"v":400,"d":"$400.00"},{"v":45,"d":"$45.00"},{"v":25,"d":"$25.00"},"N/A","Weekly","Friday",{"v":375,"d":"$375"}]